People From Which Countries Are Present The Most In The Given Country. - Statistics

General Stats
  • This quiz has been taken 6 times
  • The average score is 11 of 15
Answer Stats
Hint Answer % Correct
Venezuela Colombia
100%
U.A.E India
100%
Singapore Malaysia
100%
U.S.A Mexico
100%
Italy Romania
100%
South sudan Sudan
100%
Japan China
83%
Zimbabwe China
83%
Switzerland Italy
83%
Denmark Poland
83%
Panama Venezuela
67%
Tuvalu Nauru
33%
Botswana Zimbabwe
33%
Russia Tajikistan
17%
China Myanmar
0%
No matching quizzes found
Score Distribution
Percent of People with Each Score
Percentile by Number Answered
Your Score History
You have not taken this quiz